| 000 | 00667nas a2200229 4500 | ||
|---|---|---|---|
| 001 | BR8701567 | ||
| 003 | BR-BrBNA | ||
| 005 | 20231205090611.0 | ||
| 007 | ta | ||
| 008 | 230509b bl.|||p| |||| 00| 00por d | ||
| 040 |
_aBR-BrBNA _bpor _cBiblioteca Nacional de Agricultura |
||
| 041 | _a(Pt) | ||
| 072 | _aN10 | ||
| 100 | 1 | _aPerdomo, C.C. | |
| 100 | 1 | _aNicolaiewsky, S. | |
| 245 | 1 | _aModelos de edificios para suinos; parte 2 | |
| 650 | _aSUÍNO | ||
| 650 | _aINSTALACAO PARA ANIMAL | ||
| 773 | 0 |
_tSuinocultura Industrial (Brazil) _xISSN 0101-9125 _g(Oct 1985), v. 8(81) p. 14-17 _wBR8701567 |
|
| 909 |
_a202311 _bLúcia _c55 _dLúcia Elande |
||
| 942 |
_2AGRIS _n0 _cANA |
||
| 999 |
_c119654 _d119654 |
||